Vista normal
Vista MARC
Entrada Nombre corporativo
Número de registros utilizados en: 3
001 - NÚMERO DE CONTROL
- Campo de control: 5387
003 - IDENTIFICADOR DE NÚMERO DE CONTROL
- Campo de control: ES-MaCES
005 - FECHA Y HORA DE LA ULTIMA MODIFICACION
- Campo de control: 20170706141407.0
008 - ELEMENTOS DE DATOS DE LONGITUD FIJA
- Campo de longitud fija: 990407 | azznnaabn |n ana d
035 ## - NÚMERO DE CONTROL DEL SISTEMA
- Número de control del sistema: CES19990001775e
040 ## - FUENTE DE LA CATALOGACIÓN
- Agencia original de catalogación: ES-MaCES
- Idioma de catalogación: spa
- Agencia de transcripción: ES-MaCES
110 2# - ENCABEZAMIENTO--NOMBRE CORPORATIVO
- Nombre corporativo o de jurisdicción como elemento de entrada: Universidad Pontificia Comillas
- Unidad subordinada: Instituto Universitario de Estudios sobre Migraciones
670 ## - FUENTE DE DATOS ENCONTRADOS
- Fuente de citación: http://www.comillas.edu/es/biblioteca y Dialnet
901 ## - CES. DATOS SIRTEX
- ID Sirtex (N5N8): 0001800003390
- 005BIS Sirtex: 199904071037SROSILLO

